Lecciones de derecho procesal civil : según el nuevo código : los procesos de ejecución /
Contenido: Introducción. 1) Teoría general de los procesos de ejecución; 2) La ejecución definitiva o permanente de la sentencia de condena ejecutoriada; 3) El procedimiento de la ejecución expropiativa: la denominada “vía de apremio”; 4) La ejecución provisional de la sentencia sometida a recurso;...
Gardado en:
| Autor Principal: | |
|---|---|
| Formato: | Libro |
| Idioma: | Lingua castelá |
| Publicado: |
Montevideo, Uruguay :
Fundación de Cultura Universitaria,
2003, c2003
|
| Edición: | 3a edición |
| Temas: | |
| Etiquetas: |
Sen Etiquetas, Sexa o primeiro en etiquetar este rexistro!
|
MARC
| LEADER | 00000nam^a2200000^a^4500 | ||
|---|---|---|---|
| 001 | 000272654 | ||
| 005 | 20250521000000.0 | ||
| 009 | 20260310111107.174 | ||
| 020 | |a 9974-2-0240-X | ||
| 037 | |a Acervo ITESO - Biblioteca | ||
| 041 | |a ESP | ||
| 082 | |a 347. 895 |b TAR V. 3 | ||
| 100 | |a Tarigo, Enrique E. |e (autor) | ||
| 240 | 1 | 1 | |a [Lecciones de derecho procesal civil] |
| 245 | 1 | 0 | |a Lecciones de derecho procesal civil : |b según el nuevo código : los procesos de ejecución / |c E.E. Tarigo. |
| 250 | |a 3a edición |b corregida y aumentada | ||
| 264 | 4 | |a Montevideo, Uruguay : |b Fundación de Cultura Universitaria, |c 2003, c2003 | |
| 300 | |a 272 p. | ||
| 336 | |a texto |b txt |2 rdacontenido | ||
| 337 | |a sin mediación |b n |2 rdamedio | ||
| 338 | |a volumen |b nc |2 rdasoporte | ||
| 520 | |a Contenido: Introducción. 1) Teoría general de los procesos de ejecución; 2) La ejecución definitiva o permanente de la sentencia de condena ejecutoriada; 3) El procedimiento de la ejecución expropiativa: la denominada “vía de apremio”; 4) La ejecución provisional de la sentencia sometida a recurso; 5) El reconocimiento y la ejecución de sentencias extranjeras; 6) La ejecución distributiva: el proceso concursal. | ||
| 649 | |a XX | ||
| 650 | |a Derecho Procesal - |z Uruguay - |x Tema Principal | ||
| 650 | |a Procedimientos Civiles - |z Uruguay | ||
| 650 | |a Derecho Procesal Civil - |z Uruguay | ||
| 650 | |a Derecho Civil - |z Uruguay | ||
| 650 | |a Derecho Privado - |z Uruguay | ||
| 910 | |a Fondo General | ||
| 920 | |a Impresos - Libros | ||
| 930 | |a Colección General | ||
| 905 | |a 101 | ||
| 901 | |a 0500158188 |b IT1 |c ACC |u 20250521 | ||
| 902 | |a https://opac.biblio.iteso.mx/vufind/Record/000272654 | ||